000 00513nam a2200217Ia 4500
003 OSt
005 20220924145602.0
006 a|||||r|||| 00| 0
007 ta
008 220923b |||||||| |||| 00| 0 per d
024 _a329434
037 _cTextual
040 _aARTS
_cARTS
_bper
041 _2per
_aper
082 _aV45.C, 164G6
245 0 _aKarnama ar takhshari
260 _c1936
650 _aIRAN - HISTORY
942 _hV45.C, 164G6
_cTEXL
_2CC
999 _c460553
_d460553